000
00313nam a2200157Ia 4500
100
_a
Stevens/W.R
490
_v
3
942
_c
BK
654
_a
TCP/IP
245
_a
TCP/IP Illustrated
260
_b
ADDISON WESLEY
_a
Reading
_c
1994
082
_a
4.62
_b
STE
300
_a
328
546
_a
ENGLISH
999
_c
25593
_d
25593